00573nam a2200169Ia 4500008004100000100002900041245008900070245007200159260000900231300002500240440004300265500001100308650002300319650002000342650002200362650001900384170725s9999 xx 000 0 und d aRayenda Khresna Brahmana 4aThe Role of Gender and Ethnic Diversity on the Performance of Malaysian Private Comp cRayenda Khresna Brahmana | Mohd Waliuddin Mohd Razali | Hui Wei You c2017 apages 13-24, January aDLSU Business & Economics Reviewv26:2 aCJ0034 a PRIVATE COMPANIES aBOARD DIVERSITY aFIRM PERFORMANCE, aGENDER, ETHNIC